Tous les buts de l'Olympique de Marseille (2022-2023) - Statistiques

Statistiques générales
  • Ce quiz a été pris 437 fois
  • Le résultat moyen est 64 sur 82
Statistiques - réponses
Match Scores Poste Joueur % Correct
Nice / OM 0-3 Attaquant Alexis Sánchez
94%
Attaquant Alexis Sánchez
94%
Attaquant Alexis Sánchez
94%
OM / Lille 2-1 Attaquant Alexis Sánchez
94%
OM / Sporting 4-1 Attaquant Alexis Sánchez
94%
Attaquant Alexis Sánchez
94%
Monaco / OM 2-3 Attaquant Alexis Sánchez
94%
OM / Hyères 2-0 Attaquant Alexis Sánchez
94%
Attaquant Alexis Sánchez
94%
OM / Monaco 1-1 Attaquant Alexis Sánchez
94%
OM / Paris SG 2-1 Attaquant Alexis Sánchez
94%
Clermont / OM 0-2 Attaquant Alexis Sánchez
94%
Attaquant Alexis Sánchez
94%
Attaquant Alexis Sánchez
94%
Reims / OM 1-2 Attaquant Alexis Sánchez
94%
Attaquant Alexis Sánchez
94%
Attaquant Alexis Sánchez
94%
OM / Angers 3-1 Attaquant Alexis Sánchez
94%
OM / Nantes 2-1 Défenseur Chancel Mbemba
92%
Défenseur Chancel Mbemba
92%
OM / Tottenham 1-2 Défenseur Chancel Mbemba
92%
Troyes / OM 2-0 Défenseur Chancel Mbemba
92%
Toulouse / OM 2-3 Défenseur Chancel Mbemba
92%
OM / Strasbourg 2-2 Défenseur Chancel Mbemba
92%
OM / Brest 1-2 Défenseur Chancel Mbemba
92%
OM / Rennes 1-1 Milieu Mattéo Guendouzi
90%
Sporting / OM 0-2 Milieu Mattéo Guendouzi
90%
Francfort / OM 2-1 Milieu Mattéo Guendouzi
90%
OM / Rennes 1-0 Milieu Mattéo Guendouzi
90%
OM / Montpellier 1-1 Milieu Mattéo Guendouzi
90%
OM / Ajaccio 1-2 Milieu Dimitri Payet
89%
Milieu Dimitri Payet
89%
Lens / OM 2-1 Milieu Dimitri Payet
89%
Milieu Dimitri Payet
89%
Milieu Jordan Veretout
87%
Milieu Jordan Veretout
87%
Milieu Jordan Veretout
87%
OM / Annecy 2-2 (6-7) Milieu Jordan Veretout
87%
Milieu Jordan Veretout
87%
Défenseur Leonardo Balerdi
87%
OM / Toulouse 6-1 Milieu Valentin Rongier
87%
Angers / OM 0-3 Défenseur Jonathan Clauss
86%
Lille / OM 2-1 Défenseur Jonathan Clauss
86%
Milieu Cengiz Ünder
82%
Milieu Cengiz Ünder
82%
Milieu Cengiz Ünder
82%
Lyon / OM 1-2 Milieu Cengiz Ünder
82%
OM / Auxerre 2-1 Milieu Cengiz Ünder
82%
Défenseur Nuno Tavares
82%
Brest / OM 1-1 Défenseur Nuno Tavares
82%
Défenseur Nuno Tavares
82%
Défenseur Nuno Tavares
82%
Montpellier / OM 1-2 Défenseur Nuno Tavares
82%
Défenseur Nuno Tavares
82%
Défenseur Samuel Gigot
82%
OM / Lyon 1-0 Défenseur Samuel Gigot
82%
Milieu Amine Harit
80%
Défenseur Sead Kolašinac
70%
Défenseur Sead Kolašinac
70%
OM / Lorient 3-1 Défenseur Sead Kolašinac
70%
Rennes / OM 0-1 Défenseur Sead Kolašinac
70%
OM / Troyes 3-1 Attaquant Vitinha
68%
Attaquant Vitinha
68%
Milieu Azzedine Ounahi
66%
Strasbourg / OM 2-2 Attaquant Bamba Dieng
66%
Attaquant Bamba Dieng
66%
Attaquant Luis Suárez
66%
Attaquant Luis Suárez
66%
Attaquant Luis Suárez
66%
Auxerre / OM 0-2 Mileu Gerson
65%
Milieu Gerson
65%
OM / Nice 1-3 Milieu Ruslan Malinovsky
58%
Milieu Ruslan Malinovsky
58%
Attaquant François-Régis Mughe
57%
OM / Clermont 1-0 Milieu Pape Guèye
56%
Défenseur Issa Kaboré
49%
Malo Gusto (csc)
31%
Nicolas Pallois (csc)
29%
OM / Reims 4-1 Wout Faes (csc)
29%
Rasmus Nicolaisen (csc)
19%
Maxime Estève (csc)
14%
Nantes / OM 0-2 João Victor (csc)
13%
Aucun quiz correspondant
Distribution des résultats
% des personnes avec chaque résultat
Percentile par nombre de réponses
Votre historique - résultats
Vous n’avez pas pris ce quiz